Statistiken für Welthauptstädte, die Amsterdam am nächsten liegen

Klicken Sie hier um das Quiz zu spielen!

Allgemein

  • Dieses Quiz wurde 128 mal gespielt
  • Das Durchschnittsergebnis liegt bei 17 aus 20

Antwortstatistiken

kmHauptstadt% Korrekt
578Berlin
100%
358London
100%
914Oslo
99%
173Brüssel
98%
622Kopenhagen
98%
430Paris
98%
631Bern
96%
756Dublin
96%
319Luxemburg
96%
936Wien
96%
1125Stockholm
95%
713Prag
93%
1098Warschau
92%
670Vaduz
81%
979Monaco
71%
1126Andorra la Vella
65%
987Bratislava
64%
1086Zagreb
57%
989Ljubljana
52%
1091San Marino
50%

Verteilung der Resultate

Perzentil nach korrekt beantworteten Fragen

Anzahl Personen mit jedem Resultat

Ihre Resultats-Entwicklung

Sie haben dieses Quiz noch nicht gespielt